| 000 | 01727cam a22004454i 4500 | ||
|---|---|---|---|
| 003 | PE-LiUPU | ||
| 005 | 20250731172755.0 | ||
| 008 | 150617s r 000 0 d | ||
| 035 | _a(Sirsi) a12762 | ||
| 040 |
_aPE-LiUPU _bspa _cPE-LiUPU _erda |
||
| 049 | _aPRUA | ||
| 082 | 0 | 4 |
_a233.11 _bD76 _221 |
| 100 | 1 |
_aDimbleby, J.B., _eautor. |
|
| 245 | 1 | 4 |
_aThe date of creation : _bits Immovable and Scientific Character / _cJ. B. Dimbleby. |
| 264 | 1 |
_aLondon : _bE. Nister, _c1902. |
|
| 300 |
_a300 páginas : _bil. ; _c22 cm. |
||
| 336 |
_atext _2rdacontent |
||
| 337 |
_aunmediated _2rdamedia |
||
| 338 |
_avolume _2rdacarrier |
||
| 505 | 0 | _aCreation defined -- Creation in its proper aspect -- The production of light a distinc creation -- Sun on the Equinoctial line -- Testimony to date of creation by the preseccion of the Equinoxes -- The number of the lunations since Creation -- The planed Venus in the witnnes box -- The Stelar Heavens -- The testimony of history. | |
| 526 | _aSEG42 | ||
| 526 | _aSEG41 | ||
| 526 | _aSEG40 | ||
| 526 | _aSEG39 | ||
| 526 | _aP94 | ||
| 526 | _aP87 | ||
| 526 | _aP86 | ||
| 526 | _aP85 | ||
| 526 | _aP77 | ||
| 526 | _aP76 | ||
| 526 | _aP35 | ||
| 650 | 0 | 4 | _aEdad de la tierra. |
| 910 |
_ajck _bjvq _cjck _d20150616 |
||
| 942 |
_2ddc _cBOOK |
||
| 949 |
_a233.11 D76 _wDEWEY _c1 _i22342 _lCCODEBUL1 _mBUL _p00.00 _r0 _sY _tBOOK _u2015-04-21 _xTEOLOGIA _PP35 _0COMPRA _o.STAFF. Colección general |
||
| 994 |
_aC0 _bPEPRU |
||
| 596 | _a1 | ||
| 999 |
_a233.11 D76 _wDEWEY _c3056 _i22342 _f2021-11-11 _g5 _lCCODEBUL1 _mBUL _r0 _sY _tBOOK _u2015-4-21 _xTEOLOGIA _PP35 _0COMPRA _o.STAFF. Colección general _d3056 |
||
| 980 |
_81 _gALBERTO SANCHEZ Responsable de Automatización |
||